Pozornosť kultúrno-výchovnej práci Z rokovania rady Západoslovenského KNV

Bibliographic Details
Main Author: (VD) (Author)
Format: Article
Language:Slovak
Subjects:

MARC

LEADER 00000nab a2200000 a 4500
001 vtls000175764
003 SK-MaSNL
005 20260305030233.0
008 111104c1984 xo 0 slo
015 |a SNBRB19rr/mm-uuuuu 
035 |a CL0185877 
040 |a SNKBUCL  |b slo  |c SNKBUCL  |e AACR2 
041 0 |a slo 
044 |a xo  |c SK 
080 |a 353  |2 1981 
100 1 |a (VD)  |4 aut  |9 852716 
245 1 0 |a Pozornosť kultúrno-výchovnej práci  |b Z rokovania rady Západoslovenského KNV  |c (vd) 
650 0 7 |a výbory národné krajské  |2 snkbucl  |9 921743 
651 7 |a 5200  |2 snkbucl  |9 352126 
651 7 |a Západoslovenský kraj (Slovensko)  |2 snkbucl  |9 161528 
655 7 |a články z novín a časopisov  |2 snkbucl  |9 267496 
773 0 |t Hlas ľudu  |g Roč. 30, č. 57 (7. 3. 1984), s. 2 
850 |a Slovenská národná knižnica v Martine  |a MTA001 
852 |a SNK  |b KIS3GCP 
958 |a RK 
992 |a RBX 
999 |c 3310021  |d 3311951